Tác phẩm văn của chủ tịch Hồ Chí Minh
v.v...
Đã lưu trong:
| Tác giả chính: | |
|---|---|
| Định dạng: | Sách |
| Năm xuất bản: |
H.
Khoa học xã hội
1985
|
| Chủ đề: | |
| Tags: |
Thêm thẻ
Không có thẻ, Hãy là người đầu tiên gắn thẻ bản ghi này!
|
| LEADER | 00698nam a2200217 4500 | ||
|---|---|---|---|
| 082 | |a 895.9228 |b H100M | ||
| 100 | |a Hà Minh Đức | ||
| 245 | |a Tác phẩm văn của chủ tịch Hồ Chí Minh |c Hà Minh Đức | ||
| 260 | |a H. |b Khoa học xã hội |c 1985 | ||
| 300 | |a 240 tr. |c 19 cm | ||
| 520 | |a v.v... | ||
| 653 | |a Văn học hiện đại | ||
| 653 | |a TK 20 | ||
| 653 | |a Việt Nam | ||
| 653 | |a Nghiên cứu văn học | ||
| 653 | |a HCM, 1890-1969 | ||
| 653 | |a thơ | ||
| 653 | |a truyện ngắn | ||
| 942 | |2 ddc |c SH | ||
| 999 | |c 9451 |d 9451 | ||
| 952 | |0 0 |1 0 |2 ddc |4 0 |6 895_922800000000000_H100M |7 0 |8 800 |9 75298 |a qbu |b qbu |c D5 |d 2015-05-11 |g 15000 |o 895.9228 H100M |p 9141.c1 |r 0000-00-00 |w 2015-05-11 |y SH | ||